000 00668nam a22002057a 4500
005 20250902114631.0
010 _aENG-146518
020 _a9789395474368
_c1995.00
035 _aEN-130050
037 _bDBAD
082 _a336.39054
100 _aFromherz, Allen James
_984467
245 _aThe Center of the World/
_cAllen James Fromherz
250 _a1
260 _aNew Delhi
_bSanctum Books
_c2025
270 _a68 Medical Association Road, Darya Ganj
_bNew Delhi
_e110002
300 _axxii, 306p.
_c24cm(hb)
_bIndex
500 _a A Global History of the Persian Gulf From the Stone Age to the Present
942 _cEN
_h336.30954
_2ddc
_mFRO
999 _c213227
_d213227